Cercles
MARC
| LEADER | 00000nas a2200000 a 4500 | ||
|---|---|---|---|
| 001 | 27857 | ||
| 003 | Arxiu | ||
| 005 | 20260324175351.0 | ||
| 008 | 160829d19881996spczxxp cat c | ||
| 017 | |a DL B. 8739-1988 | ||
| 040 | |a AGDB | ||
| 245 | 0 | 0 | |a Cercles |
| 246 | 3 | 3 | |a CERCles |
| 260 | |a Barcelona : |b Centre d'Estudis i Recursos Culturals, |c 1988-1996 | ||
| 300 | |a 14 volums : |b il·lustracions, periodicitat irregular ; |c 31 cm | ||
| 310 | |a Irregular | ||
| 362 | |a Núm. 1 (març 1988)-núm. 9 (nov. 1990) | ||
| 590 | |a Irregular. | ||
| 590 | |a A partir de l'any 1988, les dimensions varien: 31-39 cm. | ||
| 590 | |a A partir de l'any 1988 comencen nova numeració. | ||
| 590 | |a Descripció basada en: Núm. 3 (1995). | ||
| 590 | |a El núm. 4 de l'any 1996 és de l'Oficina de Difusió Artística. Comissió d'Arts Plàstiques | ||
| 610 | 1 | 0 | |9 52487 |a Barcelona (Catalunya : Província). |b Centre d'Estudis i Recursos Culturals |
| 610 | 1 | 0 | |9 56363 |a Barcelona (Catalunya : Província). |b Centre d'Estudis i Recursos Culturals |v Revistes |
| 610 | 1 | 0 | |9 54737 |a Barcelona (Catalunya : Província). |b Diputació |x Activitats culturals |
| 610 | 1 | 0 | |a Barcelona (Catalunya : Província). |b Diputació |v Revistes |x Activitats culturals |
| 655 | 0 | |9 55823 |a Revistes | |
| 710 | 1 | |a Barcelona (Catalunya : Província). |b Centre d'Estudis i Recursos Culturals |9 52487 |e entitat editora | |
| 710 | 1 | |a Barcelona (Catalunya : Província). |b Servei de Cultura |9 54401 |e entitat editora | |
| 866 | |a 1988 (1, 2, 3) | ||
| 866 | |a 1989 (4, 5, 6) | ||
| 866 | |a 1990 (7, 8, 9) | ||
| 866 | |a 1995 (3, 4, 5, 6, 7) | ||
| 866 | |a 1996 (4) | ||
| 901 | |a Arxiu | ||
| 942 | |n 1 |2 udc |c REV | ||
| 952 | |0 0 |1 0 |4 0 |6 REV2133 |7 1 |9 45145 |a Arxiu |b Arxiu |d 2016-12-01 |h Núm. 1 (març 1988)- Núm. 7 (1995) |o Rev-2133 |p 27857 |r 2016-12-01 00:00:00 |w 2016-12-01 |y ARXIU | ||
| 999 | |c 48192 |d 48192 | ||